000 01624aam a2200385 a 4500
001 001563831
003 AR-BeUNQ
005 20260223191121.0
007 cr cn ||||||||
008 230728s2021 ag ao gsf f001 0 spa
015 _aAR-2021
020 _a9789500015103
040 _aAR-BeUNQ
_bspa
_eaacr
_cAR-BeUNQ
043 _as-ag---
044 _aag
_car-c
082 _a371.1
_221
245 0 0 _aLiteraturas
250 _a1a ed.
260 _aBuenos Aires :
_bMinisterio de Educación,
_c2021.
300 _a61 p. :
_bil., fot. ;
_c21 cm.
490 1 _aColección Derechos Humanos, Género y ESI en la Escuela
504 _aBibliografía: p. 59-61
505 2 _a1. Introducción -- 2. ¿De qué hablamos cuando hablamos de literaturas? -- 3. Vínculos con la tarea docente -- 4. Propuestas de actividades para trabajar las literaturas en el aula -- 5. Recursero.
530 _aTambién disponible en formato digital.
650 7 _aDerechos Humanos
_2spines
650 7 _aLiteratura (Arte)
_2spines
653 _aFormación docente
710 1 _aArgentina.
_bMinisterio de Educación
_eentidad responsable
_4isb
830 0 _aDerechos Humanos, Género y ESI en la Escuela (Ministerio de Educación)
856 _zObra completa en PDF
_uhttps://www.educ.ar/recursos/158040/literaturas
929 1 0 _aDONACION
_bMinisterio de Educación de la Nación
_d200,00
_e20230629
_fPAT0080214
_h1
_j61380
929 _aDONACION
_bMinisterio de Educación de la Nación
_d0
_e20230629
_fPAT0082160
_j59597
929 _aDONACION
_bMINISTERIO DE EDUCAACION DE LA NACION
_e20230629
_fPAT 0082161
_j61640
_c0
_h4
942 _cLIB
_n0
999 _c880
_d880